| 000 | 00723nam a2200253Ia 4500 | ||
|---|---|---|---|
| 003 | OSt | ||
| 005 | 20220925231629.0 | ||
| 006 | a|||||r|||| 00| 0 | ||
| 007 | ta | ||
| 008 | 220923b |||||||| |||| 00| 0 eng d | ||
| 020 | _a0719007046 | ||
| 037 | _cGeneral Book | ||
| 040 |
_aRTL _cRTL _beng |
||
| 041 |
_2eng _aeng |
||
| 082 | _aX.541.N7, L8 | ||
| 100 |
_aHarrison Joseph _9295815 |
||
| 245 | 0 | _aEconomic history of modern Spain | |
| 260 |
_aManchester _bManchester University Press _c1978 |
||
| 300 |
_ax,187p. _ccm. |
||
| 500 | _aBibliography: P 175-82 | ||
| 650 |
_aEconomic Conditions Europe _9235501 |
||
| 942 |
_hX.541.N7, L8 _cGB _2CC |
||
| 999 |
_c589003 _d589003 |
||